000
00221 a2200097 4500
001
18888
100
_a
Smith C
245
_a
Conic sections co-ordinate Geometry
260
_a
_b
Macmillan &Co
_c
1948
090
_c
13977
_d
13977
942
_a
NUST-CAE
_c
M
_c
4421
999
_c
253961
_d
253961